Datum a čas kvízu
35.5
Celkem bodů
Celkový počet nahraných bodů na tomto kvízu bez doplňovacích otázek.
4.
Pořadí na kvízu
Konečné umístění týmu na tomto kvízu.
Zaznamenané odpovědi
| # | Otázka | Odpověď | Body | Výsledky |
|---|---|---|---|---|
| 1. | Středočeská obec Mirošovice po... | Předčasně zveřejnila výsledky. | 1 | |
| 2. | Tlaková níže a s ní spojené si... | Axel | 1 | |
| 3. | Režisér Quentin Tarantino, jeh... | Aby nezveřejňovali obsah filmu. | 1 | |
| 4. | Český podnikatel a miliardář r... | Karel Janeček | 1 | |
| 5. | V pondělí nás opustil Niki Lau... | Laudamotion, Niki | 0.5 | |
| 6. | Jakou barvu má pruh, který je... | bílou | 1 | |
| 7. | Jaká barva kromě zelené a bílé... | žádná | 1 | |
| 8. | Na thajské vlajce nenajdeme pr... | C | 0 | |
| 9. | Slovinskou vlajku tvoří znak v... | prostřední | 1 | |
| 10. | Uveďte barvy pruhů na vlajce B... | černý, žlutý, červený | 1 |